| 000 | 00598cam a22002292a 4500 | ||
|---|---|---|---|
| 001 | 001724 | ||
| 003 | AR-FADEU | ||
| 008 | 311216n1984####xxu####################dd | ||
| 020 | _a950-582-110-7 | ||
| 092 |
_a361.2 _bC764 |
||
| 100 | _aDubini, Osvaldo, comp. | ||
| 245 | _aContribuciones a la metodología del servicio social | ||
| 260 | _aBuenos Aires | ||
| 260 | _bHumanitas | ||
| 260 | _c1984 | ||
| 300 | _a103 p | ||
| 440 |
_aCuadernos de servicio social _n41 |
||
| 700 | _aSela B., Sierra | ||
| 700 | _aEnrique, Di Carlo | ||
| 650 | _aSERVICIO SOCIAL-METODOLOGIA | ||
| 942 | _cBDGR | ||
| 999 |
_c7562 _d7562 |
||